|
|
|
|
| LEADER |
00000naa0a2200000 4500 |
| 001 |
642536 |
| 005 |
20250604094044.0 |
| 035 |
|
|
|a (RuTPU)RU\TPU\network\7493
|
| 090 |
|
|
|a 642536
|
| 100 |
|
|
|a 20150626d2001 k y0rusy50 ca
|
| 101 |
0 |
|
|a rus
|
| 102 |
|
|
|a RU
|
| 135 |
|
|
|a drcn ---uucaa
|
| 181 |
|
0 |
|a i
|
| 182 |
|
0 |
|a b
|
| 200 |
1 |
|
|a Интернет коллекции по молекулярной спектроскопии
|f Ю. Л. Бабиков [и др.]
|
| 203 |
|
|
|a Текст
|c электронный
|
| 300 |
|
|
|a Заглавие с экрана
|
| 463 |
|
|
|t Электронные библиотеки: перспективные методы и технологии, электронные коллекции
|o третья Всероссийская научная конференция, Петрозаводск, 11-13 сент. 2001
|v [С. 183-187]
|n [Б. и.]
|d 2001
|
| 610 |
1 |
|
|a труды учёных ТПУ
|
| 610 |
1 |
|
|a электронный ресурс
|
| 701 |
|
1 |
|a Бабиков
|b Ю. Л.
|
| 701 |
|
1 |
|a Барб
|b А.
|
| 701 |
|
1 |
|a Головко
|b В.Ф.
|
| 701 |
|
1 |
|a Михайленко
|b С. Н.
|c физик
|c доцент Томского политехнического университета, кандидат физико-математических наук
|f 1962-
|g Семён Николаевич
|3 (RuTPU)RU\TPU\pers\33999
|
| 701 |
|
1 |
|a Тютерев
|b Вл. Г.
|
| 712 |
0 |
2 |
|a Национальный исследовательский Томский политехнический университет (ТПУ)
|b Физико-технический институт (ФТИ)
|b Кафедра высшей математики и математической физики (ВММФ)
|3 (RuTPU)RU\TPU\col\18727
|
| 801 |
|
1 |
|a RU
|b 63413507
|c 20150626
|
| 801 |
|
2 |
|a RU
|b 63413507
|c 20160909
|g RCR
|
| 850 |
|
|
|a 63413507
|
| 856 |
4 |
|
|u http://rcdl2001.krc.karelia.ru/papers/contents.ru.shtml
|
| 942 |
|
|
|c CF
|